000 00369pab a2200133 454500
008 180718b1987 xxu||||| |||| 00| 0 eng d
100 _aRaman, K.K.
245 _aPublic advocacy and the regulatory climate
260 _c1987
300 _a351-62
650 _aPublic Utilities - Regulation
773 _aInternational Journal of Public Administration
909 _a16756
999 _c16756
_d16756